[Event "Goch op 18th"]
[Site "Goch"]
[Date "2007.10.06"]
[Round "4"]
[White "Kanders, Michael"]
[Black "Haverkamp, Klaus"]
[Result "0-1"]
[WhiteElo "1699"]
[BlackElo "2026"]
[PlyCount "90"]
[EventDate "2007.10.04"]
[EventType "swiss"]
[EventRounds "7"]
[EventCountry "GER"]
[SourceTitle "EXT 2011"]
[Source "ChessBase"]
[SourceDate "2010.11.26"]
[SourceVersion "1"]
[SourceVersionDate "2010.11.26"]
[SourceQuality "1"]

1. e4 e5 2. d4 exd4 3. Bc4 Nc6 4. Nf3 Bc5 5. 0-0 Nf6 6. Bg5 h6 7. Bh4 d6 8. c3 Bg4 9. b4 Bxf3 10. Qxf3 Bb6 11. Na3 Ne5 12. Qe2 0-0 13. cxd4 Bxd4 14. Rad1 Bb6 15. Bb3 Qe7 16. Kh1 a6 17. f3 Rad8 18. Nc2 Ng6 19. Bxf6 Qxf6 20. Ne3 c6 21. Ng4 Qg5 22. g3 Ne5 23. h4 Qg6 24. Kh2 Rfe8 25. Ne3 d5 26. Nf5 Qxf5 27. exf5 Ng4+ 28. fxg4 Rxe2+ 29. Kh3 Rde8 30. Rh1 R8e3 31. Rh2 Rxh2+ 32. Kxh2 Re2+ 33. Kh3 Bf2 34. Rf1 b5 35. g5 hxg5 36. hxg5 Kf8 37. Kg4 Be1 38. g6 Re4+ 39. Kf3 Bd2 40. Rh1 fxg6 41. fxg6 Bxb4 42. Rh5 Re6 43. Rh8+ Ke7 44. Bc2 Bc3 45. g4 Kd6 0-1